000 00358nam a22001217a 4500
999 _c997
_d997
005 20200820150351.0
008 200820b ||||| |||| 00| 0 eng d
020 _a9781782602491
040 _cCML
245 _aEnglish for the 21 Century Level3 Course Book
_cHughes, J.
260 _aUK
_bGarnet
_c2016
942 _2ddc
_cBK
_e1st Edition
_h411
_mHUG